Fr. Conceicao Rodrigues College of Engineering

Head first object oriented analysis and design (Record no. 20386)

MARC details
000 -LEADER
fixed length control field 00298nam a2200133Ia 4500
100 ## - MAIN ENTRY--PERSONAL NAME
Personal name McLaughlin/Brett D
245 ## - TITLE STATEMENT
Title Head first object oriented analysis and design
260 ## - PUBLICATION, DISTRIBUTION, ETC.
Name of publisher, distributor, etc. O'reilly
Date of publication, distribution, etc. 2007
366 ## - TRADE AVAILABILITY INFORMATION
Publishers's discount category 25
300 ## - PHYSICAL DESCRIPTION
Extent 600
546 ## - LANGUAGE NOTE
Language note ENGLISH
-- electronics
942 ## - ADDED ENTRY ELEMENTS (KOHA)
Koha item type BOOK
Holdings
Withdrawn status Lost status Damaged status Not for loan Collection Home library Current library Date acquired Source of acquisition Cost, normal purchase price Inventory number Total Checkouts Full call number Barcode Date last seen Cost, replacement price Price effective from Koha item type
        CRC Fr. Agnel's C.Rodrigues College of Engineering Fr. Agnel's C.Rodrigues College of Engineering 17/03/2023 Book Base 487.50 12351 dt 10/07/2013   22929 17/03/2023 650.00   BOOK